000 00500nam a2200169Ia 4500
008 090201s9999 xx 000 0 und d
010 _aKPL-43834
040 _bमराठी
041 _aमराठी
082 _a28309
_b43834
100 _aसदानंद जोशी
245 _aऑलींपीक
_cसदानंद जोशी
260 _c2004
_bगौरी प्रकाशन
300 _a143
_bमोठा
600 _aऑलींपीक
942 _cBOOK
999 _c227038
_d227038